000 00222nam a2200097Ia 4500
008 220204s9999 xx 000 0 und d
082 _a354
_bALL
245 0 _aAll India Civil list 1957-1963
260 _aBombay
942 _cBK
999 _c19810
_d19810